|
|
|
|
| LEADER |
00000nam0a2200000 4500 |
| 001 |
326052 |
| 005 |
20231102003825.0 |
| 035 |
|
|
|a (RuTPU)RU\TPU\book\351668
|
| 090 |
|
|
|a 326052
|
| 100 |
|
|
|a 20161216d1952 m y0rusy50 ca
|
| 101 |
0 |
|
|a rus
|
| 102 |
|
|
|a RU
|a UA
|
| 105 |
|
|
|a a j 001zy
|
| 200 |
1 |
|
|a Проведение и крепление горных выработок
|e учебное пособие для техникумов
|f И. Н. Прокопенко, Ю. Г. Шейнман, М. Я. Мавлютов
|
| 210 |
|
|
|a Москва
|a Харьков
|c Углетехиздат
|d 1952
|
| 215 |
|
|
|a 343 с.
|c ил.
|
| 320 |
|
|
|a Библиогр.: с. 340
|
| 606 |
1 |
|
|a Горная крепь
|x Расчет
|2 stltpush
|3 (RuTPU)RU\TPU\subj\7457
|9 35105
|
| 610 |
1 |
|
|a учебные пособия
|
| 610 |
1 |
|
|a горные выработки
|
| 610 |
1 |
|
|a горные работы
|
| 610 |
1 |
|
|a буровые работы
|
| 610 |
1 |
|
|a взрывчатые вещества
|
| 610 |
1 |
|
|a взрывные работы
|
| 610 |
1 |
|
|a горизонтальные выработки
|
| 610 |
1 |
|
|a наклонные выработки
|
| 610 |
1 |
|
|a шахты
|
| 610 |
1 |
|
|a вертикальные стволы
|
| 610 |
1 |
|
|a специальные методы
|
| 610 |
1 |
|
|a ремонт
|
| 675 |
|
|
|a 622.28(075.4)
|v 4
|
| 700 |
|
1 |
|a Прокопенко
|b И. Н.
|
| 701 |
|
1 |
|a Шейнман
|b Ю. Г.
|
| 701 |
|
1 |
|a Мавлютов
|b М. Я.
|
| 801 |
|
1 |
|a RU
|b 63413507
|c 20161216
|
| 801 |
|
2 |
|a RU
|b 63413507
|c 20171212
|g RCR
|
| 942 |
|
|
|c BK
|